La enseñanza de la historia en México

Shranjeno v:
Bibliografske podrobnosti
Main Authors: Ramírez, Rafael (Author), Appendini, Ida (Author), Gómez Alonso, Paula (Author), Romero Flores, Jesús (Author), Rivera, Ricardo (Author), García Granados, Rafael (Author), Dévalos Hurtado, Eusebio (Author), Muedra, Concepción (Author), Quirarte de Correa, Josefina Lomelí (Author)
Drugi avtorji: Miranda González, José (autor)
Format: Knjiga
Jezik:španščina
Izdano: Ciudad de México Instituto Panamericano de Geografía e Historia 1948
Serija:Memorias sobre la Enseñanza de la Historia, 1
Teme:
Oznake: Označite
Brez oznak, prvi označite!

MARC

LEADER 00000nam a2200000 a 4500
001 UCP8198
003 CL-VaPUC
008 000114e19480000MX |||||||||||||||||spa|d
082 0 4 |a 372.89  |b RAM  |2 21 
100 0 |a Ramírez, Rafael  |e author  |9 437971 
700 0 |a Appendini, Ida  |e author  |9 437972 
700 |a Gómez Alonso, Paula  |e author  |9 438584 
700 0 |a Romero Flores, Jesús  |e author  |9 437974 
700 0 |a Rivera, Ricardo  |e author  |9 437975 
700 0 |a García Granados, Rafael  |e author  |9 437976 
700 0 |a Dévalos Hurtado, Eusebio  |e author  |9 437977 
700 0 |a Muedra, Concepción  |e author  |9 437978 
700 |a Miranda González, José  |e autor  |9 437979 
700 0 |a Quirarte de Correa, Josefina Lomelí  |e author  |9 437980 
245 1 3 |a La enseñanza de la historia en México 
300 |a 337 p 
942 |c BK 
945 |d 20000114 00:00:00  |a crobeson 
260 |a Ciudad de México  |b Instituto Panamericano de Geografía e Historia  |c 1948 
650 0 |a Educación  |9 258661 
650 0 |a Enseñanza de la historia   |9 307330 
650 0 |a Educación básica   |9 224933 
650 7 |a ESCUELAS NORMALES  |2 CL-VaPUC  |9 311322 
650 0 |a Educación superior   |9 223851 
650 0 |a Programas de educación  |9 339040 
651 0 |a México  |9 255269 
583 |a last modification  |c 20000114 00:00:00  |k Rodrigo Vera 
490 0 |a Memorias sobre la Enseñanza de la Historia, 1 
999 |c 285133  |d 285131 
952 |0 0  |1 0  |4 0  |6 372_890000000000000_RAM_1948  |7 0  |8 X  |9 329511  |a BIBHIS  |b BIBHIS  |d 2019-11-20  |i 137494K  |o 372.89 RAM 1948  |p 137494K  |r 2024-01-30  |w 2019-11-20  |y BK_X  |k HIS